Statistiques concernant 5 plus grandes villes par pays #2

Cliquez ici pour prendre le quiz!

Statistiques générales

  • Ce quiz a été pris 1 325 fois
  • Le résultat moyen est 29 sur 60

Statistiques - réponses

HintRéponse% Correct
3 425 000Rome
100%
4 850 000Berlin
98%
1 960 000Bruxelles
96%
6 100 000Milan
95%
25 100 000Mexico
94%
425 000Berne
91%
15 900 000Istanbul
91%
4 050 000Naples
89%
2 500 000Varsovie
88%
5 150 000Ankara
87%
830 000Genève
86%
1 580 000Turin
85%
1 450 000Zurich
79%
4 350 000Le Cap
76%
3 300 000Francfort-sur-le-Main
73%
29 200 000Jakarta
73%
10 250 000Johannesburg
73%
970 000Florence
71%
2 925 000Hambourg
69%
540 000Liège
68%
7 500 000Riyad
68%
5 000 000Cologne / Düsseldorf
65%
840 000Cracovie
64%
20 700 000Lagos
63%
980 000Anvers
61%
2 500 000Pretoria
60%
3 800 000Rawalpindi / Islamabad
60%
5 650 000Ruhr (Essen, Dortmund)
56%
445 000Lausanne
52%
2 600 000La Mecque
46%
730 000Bâle
45%
5 850 000Guadalajara
40%
2 900 000Abuja
38%
360 000Charleroi
37%
430 000Gand
36%
920 000Gdańsk
36%
20 900 000Karachi
36%
3 000 000Izmir
32%
3 925 000Djeddah
31%
1 500 000Médine
30%
6 000 000Monterrey
28%
14 500 000Lahore
25%
800 000Łódź
23%
3 150 000Durban
20%
5 200 000Kano
16%
2 225 000Haute-Silésie (Katowice)
14%
6 950 000Bandung
13%
1 000 000Port Elizabeth
13%
5 900 000Surabaya
13%
2 175 000Bursa
11%
3 325 000Ibadan
9%
4 225 000Puebla
9%
1 770 000Adana
8%
4 200 000Medan
8%
2 200 000Port Harcourt
6%
2 825 000Dammam
5%
4 050 000Faisalabad
5%
2 100 000Semarang
3%
2 675 000Toluca
3%
3 150 000Gujranwala
2%

Distribution des résultats

Percentile par nombre de réponses

% des personnes avec chaque résultat

Votre développement - résultats

Vous n’avez pas pris ce quiz